000 00529nam a2200217 a 4500
001 13418
003 BD-JhCC
005 20231008133340.0
008 230917b20152021bg |||| ||a| 000 0 e d
020 _a9789849196785
035 _a(BD-JhCC)13418
040 _aBD-JhCC
_dBD-JhCC
041 _aEnglish
082 _b891.1 GIA 2021
100 _a Gias,Ahmed
245 _aLet`s Learn:
_bAesop`s Fables -1 /
_cAhmed Gias.
260 _aDhaka:
_bDuck;
_c2021.
300 _a96 p. :
_c18 cm.
942 _2ddc
_cBK
999 _c13418
_d13418